Cuando Guiard llamaba `fiera` a `Lagartijo` / (Record no. 145019)

MARC details
000 -LEADER
campo de control de longitud fija 00774nam a2200205 4500
001 - NÚMERO DE CONTROL
campo de control 145019
003 - IDENTIFICADOR DE NÚMERO DE CONTROL
campo de control ES-MaACL
005 - FECHA Y HORA DE LA ÚLTIMA TRANSACCIÓN
campo de control 20260302063012.0
007 - CAMPO FIJO DE DESCRIPCIÓN FÍSICA--INFORMACIÓN GENERAL
campo de control de longitud fija t|
008 - DATOS DE LONGITUD FIJA--INFORMACIÓN GENERAL
campo de control de longitud fija 070214s1959 sp r ||||1| spa d
100 0# - ENTRADA PRINCIPAL--NOMBRE DE PERSONA
Nombre de persona Sota Aburto, Alejandro de la
9 (RLIN) 107454
245 10 - MENCIÓN DEL TÍTULO
Título Cuando Guiard llamaba `fiera` a `Lagartijo` /
Mención de responsabilidad, etc. Alejandro de la Sota Aburto ; prólogo de Joaquín de Zuazagoitia ; ilustraciones de Nicolás Martínez Ortiz, Eduardo de la Sota Poveda.
260 ## - PUBLICACIÓN, DISTRIBUCIÓN, ETC.
Lugar de publicación, distribución, etc. Bilbao :
Nombre del editor, distribuidor, etc. Ed. Vasca,
Fecha de publicación, distribución, etc. 1959.
300 ## - DESCRIPCIÓN FÍSICA
Extensión 64 p., 3 lám. ;
Dimensiones 21 cm.
700 1# - ENTRADA AGREGADA--NOMBRE PERSONAL
Nombre de persona Zuazagoitia, Joaquín de.
9 (RLIN) 118382
700 1# - ENTRADA AGREGADA--NOMBRE PERSONAL
Nombre de persona Martínez Ortiz, Nicolás.
9 (RLIN) 78294
700 1# - ENTRADA AGREGADA--NOMBRE PERSONAL
Nombre de persona Sota Poveda, Eduardo de la.
9 (RLIN) 107455
852 ## - LOCALIZACIÓN
Ubicación ES-MaACL
Número de control de estantería 2011-F-10
Sublocalización o colección R.43962
Holdings
Estatus retirado Estado de pérdida Estado de daño No para préstamo Colección Biblioteca de origen Biblioteca actual Ubicación en estantería Fecha de adquisición Fuente de adquisición Total de préstamos Signatura topográfica completa Código de barras Visto por última vez Precio de reemplazo Tipo de ítem Koha
        Colección de folletos Biblioteca del Ateneo de Madrid Biblioteca del Ateneo de Madrid Depósito folletos 17/01/2008     2011-F-10 1151381 23/02/2023 23/02/2023 Folleto